TLC Songs - Sudden Death - Statistics

General Stats
  • This quiz has been taken 64 times
  • The average score is 8 of 20
Answers on the Grid
Answers color-coded by a green-red scale on the quiz's grid according to % correct below.
Say You'll Be There
Creep
Baby Baby Baby
Say My Name
Unpretty
Damaged
Waterfalls
Holler
Diggin' On You
What About Your Friends?
Way Back
Girl Talk
Free Your Mind
Red Light Special
I'm Bad At Being Good
Black Magic
No Scrubs
Let's Do It Again
Come On Down
Good Love
Hands Down
Freak Like Me
Shock Dat Monkey
Ain't 2 Proud 2 Beg
Start A Fire
Her Story
Dear Lie
Silly Ho
Don't Pull Out On Me Yet
Push It
 
Answer Stats
Answer % Correct
Creep
86%
Waterfalls
83%
No Scrubs
80%
Unpretty
80%
Red Light Special
63%
What About Your Friends?
60%
Ain't 2 Proud 2 Beg
57%
Baby Baby Baby
57%
Diggin' On You
51%
Girl Talk
49%
Silly Ho
40%
Damaged
23%
Way Back
23%
Shock Dat Monkey
20%
Come On Down
17%
Dear Lie
17%
Don't Pull Out On Me Yet
17%
Good Love
11%
Let's Do It Again
9%
Start A Fire
6%
No matching quizzes found
Score Distribution
Percent of People with Each Score
Percentile by Number Answered
Your Score History
You have not taken this quiz